000 00390nam a2200145 a 4500
005 20140412111425.0
008 090626s19uu xx 00 eng d
020 _a0-439-68487-0
050 _aTR(PS E
_bWh56 2004
100 _aChristelow, Eileen
245 _aWher's the big bad wolf? /
_cEileen Christelow.
260 _aU.S.A :
_bScholastic,
_c2004.
300 _a33p.
999 _c106204
_d106204